Longévité des Présidents du Conseil et 1ers Ministres IVe et Ve Rép. - Statistiques

Statistiques générales
  • Ce quiz a été pris 8 fois
    7 depuis la dernière actualisation
  • Le résultat moyen est 3 sur 41
Statistiques - réponses
Hint Réponse % Correct
Lionel Jospin (1937-) 1799 jours / 3e
50%
Pierre Pflimlin (1907-2000) 0014 jours / 41e
33%
Georges Pompidou (1911-1974) 2274 jours / 1er
33%
Bernard Cazeneuve (1963-) 0155 jours / 37e
17%
Félix Gaillard (1919-1970) 0163 jours / 35e ex-aequo
17%
Edith Cresson (1934-) 0323 jours / 26e
17%
Elisabeth Borne (1961-) 0603 jours / 20e
17%
Jean Castex (1965-) 0683 jours / 18e
17%
Pierre Mauroy (1928-2013) 1153 jours / 7e
17%
Jacques Chirac (1932-2019) 1603 jours / 5e
17%
François Fillon (1954-) 1819 jours / 2e
17%
André Marie (1897-1974) 0033 jours / 40e
0%
Edgar Faure (1908-1988) 0039 jours / 39e
0%
Maurice Bourgès-Maunoury (1914-1993) 0109 jours / 38e
0%
Charles de Gaulle (1890-1970) 0163 jours / 35e ex-aequo
0%
René Mayer (1895-1972) 0171 jours / 34e
0%
Guy Molllet (1905-1975) 0232 jours / 32e ex-aequo
0%
Pierre Mendès-Frace (1907-1982) 0232 jours / 32e ex-aequo
0%
Robert Schuman (1886-1963) 0235 jours / 31e
0%
Georges Bidault (1899-1983) 0238 jours / 30e
0%
Gabriel Attal (1989-) 0240 jours / 29e
0%
Antoine Pinay (1891-1994) 0290 jours / 28e
0%
Paul Ramadier (1888-1961) 0301 jours / 27e
0%
Maurice Couve de Murville (1907-1999) 0345 jours / 25e
0%
Joseph Laniel (1889-1975) 0349 jours / 24e
0%
Pierre Bérégovoy (1925-1993) 0361 jours / 23e
0%
René Pleven (1901-1993) 0379 jours / 22e
0%
Henri Queuille (1884-1970) 0515 jours / 21e
0%
Laurent Fabius (1946-) 0611 jours / 19e
0%
Pierre Messmer (1916-2007) 0686 jours / 16e ex-aequo
0%
Jean-Marc Ayrault (1950-) 0686 jours / 16e ex-aequo
0%
Dominique de Villepin (1953-) 0712 jours / 15e
0%
Alain Juppé (1945-) 0747 jours / 14e
0%
Edouard Balladur (1929-) 0773 jours / 13e
0%
Manuel Valls (1962-) 0981 jours / 12e
0%
Jean-Pierre Raffarin (1948-) 1092 jours / 11e
0%
Michel Rocard (1930-2016) 1099 jours / 10e
0%
Jacques Chaban-Delmas (1915-2000) 1111 jours / 9e
0%
Edouard Philippe (1970-) 1145 jours / 8e
0%
Michel Debré (1912-1996) 1192 jours / 6e
0%
Raymond Barre (1924-2007) 1719 jours / 4e
0%
Aucun quiz correspondant
Distribution des résultats
% des personnes avec chaque résultat
Percentile par nombre de réponses
Votre historique - résultats
Vous n’avez pas pris ce quiz depuis la dernière actualisation